| 000 | 01291 a2200181 4500 | ||
|---|---|---|---|
| 003 | Nust | ||
| 005 | 20221028091707.0 | ||
| 020 | _a8176353108 | ||
| 040 | _cNust | ||
| 082 | _a006.6,KAR | ||
| 100 |
_aKarlins,David _978228 |
||
| 245 |
_aCorel Draw 9, _bsams Tech Yourself in 24 hours / _cDavid karlins |
||
| 260 |
_aNew Delhi _bTechmedia _c2000 |
||
| 300 | _a414p | ||
| 505 | _aintroduction (Page-1), Diving in (Page-5), Creating artistic text (Page-25), Working with shapes (Page-45), Orchestrating your illustration (Page-69), Setting up page layout (Page-87), Defining outlines (Page-103), Mixing up fills (Page-115), Working with curves (Page-133), Bezier curves (Page-153), Working with shapes and curves (Page-169), Adding effects (Page-185), Lenses and power clipps (Page-203), Blends and contours (Page-217), working with perspective (Page-227), Handling complex drawings (Page-241), Managing layers and pages (Page-255), Importing and exporting objects (Page-269), Printing (Page-283), From Corel draw to world wide web (Page-295), Photo paint (Page-313), Painting text (Page-327), Painting bitmap objects (Page-335), Working with objects (Page-347), Having too much fun with masks (Page-359), Index (Page-393). | ||
| 650 |
_aCorel Draw 9 _9101590 |
||
| 942 |
_2ddc _cBK _k006.6,KAR |
||
| 999 |
_c180014 _d180014 |
||